000 00490cam a2200169 a 4500
020 _a0600385140
082 _a355.0095694
_bHOG
100 1 _aHogg, Ian V.,
_942189
245 1 0 _aIsraeli war machine /
_c[Ian V. Hogg].
260 _aLondon ;
_aNew York :
_bHamlyn,
_cc1983.
300 _a192 p. :
_bill. (some col.) ;
_c31 cm.
500 _a"A Quarto book"--T.p. verso.
500 _aIncludes index.
526 _a0
_b0
_c0
_d355_009569400000000_HOG
650 _aMCE
_9379
942 _2ddc
_cBK
999 _c551474
_d551474